| 000 | 00392nam a2200157Ia 4500 | ||
|---|---|---|---|
| 003 | OSt | ||
| 008 | 191201s2004 xx 000 0 und d | ||
| 082 |
_a604.2 _bNAT |
||
| 100 | _aNARAYANA, K L | ||
| 245 | 0 | _aTextbook on Engineering Drawing | |
| 250 | _a9th | ||
| 260 |
_aNew Delhi _bScitech Publication Chennai and Hadrabad _c2004 |
||
| 300 | _a587 | ||
| 650 | _aB.Tech(ME) | ||
| 942 |
_2ddc _cBK |
||
| 999 |
_c1795 _d1795 |
||